El elemento de la culpabilidad en el Derecho Privado Romano.

Guardat en:
Dades bibliogràfiques
Autor principal: Jhering, Rudolph von (autor)
Altres autors: Guzmán Dálbora, José Luis (traducción directa del alemán, estudio preliminar)
Format: Llibre
Idioma:espanyol
Publicat: Montevideo, República Oriental del Uruguay: B de F Ltda., 2013.
Buenos Aires, República Argentina: Euros Editores, 2013.
Col·lecció:Colección Estudios y debates en Derecho penal
Matèries:
Etiquetes: Afegir etiqueta
Sense etiquetes, Sigues el primer a etiquetar aquest registre!

MARC

LEADER 00000cam a2200000 a 4500
001 UCF7177
003 CL-VaPUC
005 20220822114405.0
008 130613e20130000UY |||||||||||||||||spa|d
999 |c 352096  |d 352094 
020 |a 9974-578-02-2 
040 |c Pontificia Universidad Católica de Valparaíso 
082 0 4 |a 340.54 JHE 2013  |2 21 
100 |a Jhering, Rudolph von  |e autor  |9 569184 
245 1 3 |a El elemento de la culpabilidad en el Derecho Privado Romano. 
260 |a Montevideo, República Oriental del Uruguay:  |b B de F Ltda.,  |c 2013. 
260 |a Buenos Aires, República Argentina:  |b Euros Editores,  |c 2013. 
300 |a 153 páginas.  
440 |a Colección Estudios y debates en Derecho penal  |9 865644 
500 |a c.2 Donación Familia Prof. Alejandro Guzmán Brito. 
583 |a last modification  |c 20130613 14:21:00  |k Rodrigo Vera 
650 0 |a Derecho romano  |9 255930 
650 0 |a Derecho privado  |9 258243 
650 0 |a Culpas  |2 CL-VaPUC  |9 394678 
650 0 |a Responsabilidad penal  |9 254899 
650 0 |a Penas   |9 255927 
700 |a Guzmán Dálbora, José Luis  |9 863834  |e traducción directa del alemán   |e estudio preliminar  
942 |c BK  |2 ddc  |n 0 
945 |d 20130613 00:00:00  |a dcastane 
952 |0 0  |1 0  |4 0  |6 340_540000000000000_JHE_2013  |7 0  |8 A  |9 456635  |a BIBDER  |b BIBDER  |d 2019-11-22  |i 4978412  |o 340.54 JHE 2013  |p 4978412  |r 2023-01-25  |w 2019-11-22  |y BK  |k DER 
952 |0 0  |1 0  |2 ddc  |4 0  |6 340_540000000000000_JHE_2013  |7 1  |8 C_AGB  |9 580264  |a BIBDER  |b BIBDER  |d 2022-01-07  |e Donación   |i 5635926  |o 340.54 JHE 2013  |p 5635926  |r 2023-01-25  |t 2  |w 2022-01-07  |y BK_US  |k AGB